Hoá học hữu cơ /

Zapisane w:
Opis bibliograficzny
1. autor: Đặng Như Tại
Kolejni autorzy: Trần Quốc Sơn
Format: Sách giấy
Język:Vietnamese
Wydane: H. : Đại học Quốc gia , 2004
Wydanie:Tái bản lần thứ tư
Hasła przedmiotowe:
Etykiety: Dodaj etykietę
Nie ma etykietki, Dołącz pierwszą etykiete!
Thư viện lưu trữ: Thư viện Trường Đại học Đà Lạt
LEADER 00827nam a2200325 4500
001 DLU060051543
003 ##DLU
005 ##20060313
008 ##021230t vn z000 vie d
040 # # |a DLU  |b vie 
041 # # |a vie 
044 # # |a vn 
082 # # |a 547  |b DA-T 
100 # # |a Đặng Như Tại 
245 # # |a Hoá học hữu cơ /  |c Đặng Như Tại, Trần Quốc Sơn 
250 # # |a Tái bản lần thứ tư 
260 # # |a H. :  |b Đại học Quốc gia ,  |c 2004 
300 # # |a 299 tr. ;  |c 21 cm 
650 # # |a Hoá học hữu cơ  |v Giáo trình 
700 # # |a Trần Quốc Sơn 
923 # # |a 66/2005 
992 # # |a 24.000 
994 # # |a DLU 
900 # # |a True 
911 # # |a Đào Thị Thu Huyền 
925 # # |a G 
926 # # |a A 
927 # # |a SH 
980 # # |a Thư viện Trường Đại học Đà Lạt